Magán- és egyéb szálláshelyek digitális eszközhasználatának elemzése

Bibliographic Details
Main Author: Slezák Dóra
Other Authors: Jancsik András
Priszinger Krisztina
Format: Thesis
Kulcsszavak:digitalizáció
digitális kor
infokommunikáció
magánszálláshelyi adatok
turizmus
Online Access:http://dolgozattar.uni-bge.hu/60311

MARC

LEADER 00000nta a2200000 i 4500
001 dolg60311
005 20260409150305.0
008 260409suuuu hu om 000 hun d
040 |a BGE Dolgozattár Repozitórium  |b hun 
041 |a hu 
100 1 |a Slezák Dóra 
245 1 0 |a Magán- és egyéb szálláshelyek digitális eszközhasználatának elemzése  |c Slezák Dóra  |h [elektronikus dokumentum] 
520 3 |a A szakdolgozat az információs társadalom, infokommunikációs eszközök, turizmus és szálláshelyek témakörére épül, amely szakirodalmi elemzésében kiemeli az adat-információ jelentőségét a vállalkozásokra nézve. Az infokommunikációs technológia fejlődésével összhangban lekövethető a digitális eszközök beépülése és használatuknak jelentősége a szálláshelypiacra 1980-as évektől napjainkig. A dolgozat primer kutatása kérdőívezés útján, annak elemzésével derít fényt az online világba kényszerült magyar szálláshely-szolgáltatók digitális felkészültségéről, illetve információszerző szokásairól és motivációiról. 
695 |a digitalizáció 
695 |a digitális kor 
695 |a infokommunikáció 
695 |a magánszálláshelyi adatok 
695 |a turizmus 
700 1 |a Jancsik András  |e ths 
700 1 |a Priszinger Krisztina  |e ths 
856 4 0 |u http://dolgozattar.uni-bge.hu/60311/1/EKZJSD.pdf  |z Dokumentum-elérés 
856 4 0 |u http://dolgozattar.uni-bge.hu/60311/2/Szakdolgozat%20ertekelo%20Slezak%20Dora.pdf  |z Dokumentum-elérés 
856 4 0 |u http://dolgozattar.uni-bge.hu/60311/3/Slezak%20Dora_opponensi%20biralat_Dabronaki-Priszinger%20K.pdf  |z Dokumentum-elérés